<?xml version="1.0" encoding="UTF-8"?>
<collection xmlns="http://www.loc.gov/MARC21/slim">
 <record>
  <leader>00497pamaa2200157   4500</leader>
  <controlfield tag="001">0000030225</controlfield>
  <controlfield tag="005">20091002090000.0</controlfield>
  <datafield tag="020" ind1="0" ind2="0">
   <subfield code="a">0619033908 </subfield>
  </datafield>
  <datafield tag="082" ind1=" " ind2=" ">
   <subfield code="a">005.3768 SAT</subfield>
  </datafield>
  <datafield tag="090" ind1="0" ind2="0">
   <subfield code="a">QA76.64 </subfield>
   <subfield code="b">SAT 2001</subfield>
  </datafield>
  <datafield tag="100" ind1="1" ind2="0">
   <subfield code="a">Satzinger </subfield>
  </datafield>
  <datafield tag="245" ind1="1" ind2="4">
   <subfield code="a">The Object-oriented approach : </subfield>
   <subfield code="b">concepts, system development, and modeling with UML  </subfield>
   <subfield code="c">John W. Satzinger and Tore U. Orvik.</subfield>
  </datafield>
  <datafield tag="260" ind1="0" ind2="0">
   <subfield code="a">Boston: </subfield>
   <subfield code="b">Course Technology, </subfield>
   <subfield code="c">2001.</subfield>
  </datafield>
  <datafield tag="300" ind1=" " ind2=" ">
   <subfield code="a">xv, 208p.; </subfield>
   <subfield code="c">24cm.</subfield>
  </datafield>
  <datafield tag="650" ind1="0" ind2="0">
   <subfield code="a">Database management </subfield>
  </datafield>
  <datafield tag="700" ind1="1" ind2="1">
   <subfield code="a">Orvik, </subfield>
   <subfield code="h">Tore U. </subfield>
  </datafield>
 </record>
</collection>
